Deremination of potential function of AsH3 molecule on the basis of experimental data; Bulletin of the Tomsk Polytechnic University; Vol. 309, № 4

Dettagli Bibliografici
Parent link:Bulletin of the Tomsk Polytechnic University/ Tomsk Polytechnic University (TPU).— , 2006-2007
Vol. 309, № 4.— 2006.— [P. 56-60]
Altri autori: Yuhnik Y. B., Behtereva E. S., Sinitsyn E. A., Bulavenkova A. S.
Riassunto:Заглавие с титульного листа
Электронная версия печатной публикации
The problem of determination of intramolecular potential function of a molecule of symmetric gyroscope type is considered on the example of arsine molecule AsH3. To solve the given problem the software package in the analytical language MAPLE has been developed. It allows to connent parameters of potential function set through symmetric, natural (invariantrelatively to isotope substitution) and/or normal oscillatory coordinates.
Lingua:inglese
Pubblicazione: 2006
Serie:Technical sciences
Soggetti:
Accesso online:http://www.lib.tpu.ru/fulltext/v/Bulletin_TPU/2006/v309eng/i4/12.pdf
Natura: Elettronico Capitolo di libro
KOHA link:https://koha.lib.tpu.ru/cgi-bin/koha/opac-detail.pl?biblionumber=179899

MARC

LEADER 00000nla2a2200000 4500
001 179899
005 20231031170611.0
035 |a (RuTPU)RU\TPU\book\195017 
035 |a RU\TPU\book\195005 
090 |a 179899 
100 |a 20100429d2006 k y0rusy50 ca 
101 1 |a eng  |c rus 
102 |a RU 
135 |a drnn ---uucaa 
200 1 |a Deremination of potential function of AsH3 molecule on the basis of experimental data  |b Electronic resource  |f Y. B. Yuhnik [et al.] 
203 |a Text  |c electronic 
215 |a 1 файл (319 Кб) 
225 1 |a Technical sciences 
230 |a Электронные текстовые данные (1 файл : 319 Кб) 
300 |a Заглавие с титульного листа 
300 |a Электронная версия печатной публикации 
320 |a [Bibliography: p. 60 (12 titles)] 
330 |a The problem of determination of intramolecular potential function of a molecule of symmetric gyroscope type is considered on the example of arsine molecule AsH3. To solve the given problem the software package in the analytical language MAPLE has been developed. It allows to connent parameters of potential function set through symmetric, natural (invariantrelatively to isotope substitution) and/or normal oscillatory coordinates. 
337 |a Adobe Reader 
461 1 |0 (RuTPU)RU\TPU\book\169973  |t Bulletin of the Tomsk Polytechnic University  |f Tomsk Polytechnic University (TPU)  |d 2006-2007 
463 1 |0 (RuTPU)RU\TPU\book\189726  |t Vol. 309, № 4  |v [P. 56-60]  |d 2006  |p 163 p. 
610 1 |a potential functions 
610 1 |a molecules 
610 1 |a experimental data 
610 1 |a problems 
610 1 |a intramolecular functions 
610 1 |a symmetric gyroscope 
610 1 |a arsine 
610 1 |a software packages 
610 1 |a analytical languages 
610 1 |a parameters 
610 1 |a oscillatory coordinates 
610 1 |a symmetric coordinates 
610 1 |a natural coordinates 
610 1 |a isotope substitutions 
610 1 |a труды учёных ТПУ 
610 1 |a электронный ресурс 
675 |a 535.37  |v 3 
701 1 |a Yuhnik  |b Y. B. 
701 1 |a Behtereva  |b E. S. 
701 1 |a Sinitsyn  |b E. A. 
701 1 |a Bulavenkova  |b A. S. 
801 1 |a RU  |b 63413507  |c 20090623  |g PSBO 
801 2 |a RU  |b 63413507  |c 20120418  |g PSBO 
856 4 |u http://www.lib.tpu.ru/fulltext/v/Bulletin_TPU/2006/v309eng/i4/12.pdf 
942 |c CF